| 000 | 00937nam a2200241 a 4500 | ||
|---|---|---|---|
| 001 | 000022332 | ||
| 005 | 20210615115148.0 | ||
| 008 | 100927s2004 dr a 000 0 spa d | ||
| 020 | _a9993430552 | ||
| 040 |
_aDO-SdBNP _bspa _cBNPHU |
||
| 082 |
_a330.98 _bP592d |
||
| 100 | 1 |
_aPichardo Muñiz, Arlette, _d1957- _94580 |
|
| 245 | 1 | 0 |
_a12 ensayos de futuro sobre economía y sociedad / _cArlette Pichardo Muñiz ; prólogo Olman Segura. |
| 246 | 1 | 3 | _aDoce ensayos de futuro sobre economía y sociedad |
| 260 |
_aSanto Domingo : _bBanco Central de la República Dominicana, _c2004. |
||
| 300 |
_a259 p. : _bil. ; _c23 cm. |
||
| 490 | 1 |
_aBanco Central de la Republica Dominicana _v64 |
|
| 490 | 1 |
_aCiencias sociales _v13 |
|
| 590 | _aInventariado, 2018/VM | ||
| 700 | 1 |
_aSegura, Olman, _epról. _946090 |
|
| 830 | 0 |
_aBanco Central de la Republica Dominicana _v64 _pCiencias sociales; 13 _946091 |
|
| 910 | _aValidado. Control de calidad. MFF | ||
| 999 |
_c21830 _d21830 |
||